| 000 | 00000nam##2200000za#4500 |
| 001 | 9.643458 |
| 003 | CaOODSP |
| 005 | 20210624224159 |
| 007 | cr ||||||||||| |
| 008 | 150407|1976||||xxc|||||o f|0| 0 fre|d |
| 040 | |aCaOODSP|bfre |
| 043 | |an-cn--- |
| 086 | 1 |aA53-1553/1976F-PDF |
| 110 | 1 |aCanada.|bAgriculture Canada. |bDirection générale de recherche. |
| 245 | 13|aLa culture du pommier dans l'est du Canada / |h[ressource électronique]|c[par] A.D. Crowe. |
| 260 | |aOttawa - Ontario : |bAgriculture Canada. |c1976. |
| 300 | |a60p.|btableaux, photographies |
| 500 | |aPublication historique numérisée par Agriculture et Agroalimentaire Canada. |
| 590 | |a15-01-Supp|b2015-01-26 |
| 691 | 07|aCultures fruitières|2gcpds |
| 691 | 07|aPomme|2gcpds |
| 691 | 07|aJardinage|2gcpds |
| 775 | 08|tApple growing in Eastern Canada / |w(CaOODSP)9.699503 |
| 856 | 40|ahttp://publications.gc.ca|qPDF|s5 Mo|uhttps://publications.gc.ca/collections/collection_2014/aac-aafc/agrhist/A53-1553-1976-fra.pdf |
| 986 | |a1553 |